Nástroje hodnotenia kvality a ich využitie v rámci strategicky orientovaného manažérskeho účtovníctva diplomová práca

Guardado en:
Detalles Bibliográficos
Autor principal: Bodnárová, Nikola
Autor Corporativo: Fakulta hospodárskej informatiky EU. Katedra účtovníctva a audítorstva
Otros Autores: Antalová, Renáta
Formato: Libro
Lenguaje:eslovaco
Publicado: Bratislava 2015
Etiquetas: Agregar Etiqueta
Sin Etiquetas, Sea el primero en etiquetar este registro!

MARC

LEADER 00000nbm a2200000 4500
001 0203549
005 20190807131513.2
041 0 |a slo 
044 |a SK 
245 1 0 |a Nástroje hodnotenia kvality a ich využitie v rámci strategicky orientovaného manažérskeho účtovníctva  |b diplomová práca  |c Nikola Bodnárová ; školiteľ: Renáta Antalová 
264 1 |a Bratislava  |c 2015 
300 |a 62 s. 
100 1 |a Bodnárová, Nikola 
700 1 |a Antalová, Renáta 
710 2 |a Fakulta hospodárskej informatiky EU. Katedra účtovníctva a audítorstva